000 01313nam a2200457 a 4500
001 vtls001392597
003 NLI
005 20230427111418.0
008 121017s2011 ii e 001 0 eng d
020 _a9788130910741
_cRs. 195.00
_qpbk
039 9 _a201902011332
_bPravinbp
_c201901021652
_dsomnathp
_c201812271717
_dPravinbp
_c201811141812
_datanum
040 _aNLI
_beng
_cEPD
041 0 _aeng
044 _aii
082 0 4 _a152.42
_222
100 1 _aSingh, Just Win
_9847227
245 1 0 _aHappiness :
_bgain and retain/
_cJust Win Singh
260 _aNew Delhi :
_bViva Books,
_c2011
300 _aviii, 141 p.;
_c22 cm.
500 _aThird impression : 2010 (cop.2)
500 _aLibrary has 4 copies
650 0 _aHappiness
_9679855
650 0 _aSelf-culture
650 0 _aIndic poetry
_9781709
887 _aTripti Das Roy Pravinbp1
887 _aPravinbp2
887 _aupenmurmu
901 _aDB128386 :
_b07.02.12
901 _aDB119748 (cop.2) :
_b17.07.10
901 _aDB161313 (cop.2) :
_b10.6.2016
902 _aE 152.42 Si 64
904 _aTripti Das Roy
904 _aAtanu Mitra
904 _aSomnath Panja
905 _aPravinbp1
942 _2ddc
_cBKS
949 _6DBA000119748ENG
949 _6DBA000161313ENG
949 _6DBA000128386ENG
999 _c732142
_d732142